| Поле | Инд. | ПП | Название | Значение |
|---|---|---|---|---|
| Тип записи | a | |||
| Библиографический уровень | b | |||
| 001 | Контрольный номер | RU/IS/BASE/102692513 | ||
| 005 | Дата корректировки | 20200630193129.3 | ||
| 084 | a | Индекс другой классификации/Индекс ББК | 74.483(2)5 | |
| 100 | 1_ | a | Автор | Круглов Ю. Г. |
| 100 | 1_ | a | Автор | Олесюк Е. В. |
| 100 | 1_ | a | Автор | Шулус А. А. |
| 245 | a | Заглавие | Университетские уставы XIX века в свете идей национальной образовательной доктрины | |
| 650 | a | Основная рубрика | высшее образование | |
| a | Основная рубрика | история образования | ||
| a | Основная рубрика | образование | ||
| a | Основная рубрика | профессиональное образование | ||
| 653 | a | Ключевые слова | XIX век | |
| a | Ключевые слова | образовательная доктрина | ||
| a | Ключевые слова | образовательная политика | ||
| a | Ключевые слова | развитие образования | ||
| a | Ключевые слова | Россия | ||
| a | Ключевые слова | система образования | ||
| a | Ключевые слова | университетские уставы | ||
| a | Ключевые слова | университетское образование | ||
| a | Ключевые слова | университеты | ||
| 773 | t | Заглавие источника | Социально-гуманитарные знания | |
| d | Дата издания источника | 2003 | ||
| g | Прочая информация | № 1. - С. 35 - 47 | ||
| w | Контрольный № источника | RU/IS/BASE/101491030 | ||
| 901 | t | Тип документа | b |